000 00602nam a2200181 a 4500
001 000017315
005 20240530073918.0
008 100322s1958 dr 000 f spa d
040 _aDO-SdBNP
_bspa
_cBNPHU
082 _aRD863.42
_bM738c, 1958
100 1 _aMonclús, Miguel Angel,
_d1873-1967
_931058
245 1 0 _aCachón :
_bnovela dominicana /
_cMiguel Angel Monclús.
260 _aCiudad Trujillo, República Dominicana :
_bMontalvo,
_c1958.
300 _a210 p. ;
_c23 cm.
650 0 _aNovela dominicana
_9223
650 0 _aLiteratura dominicana.
_967
910 _aValidado. Control de calidad EMS
999 _c16840
_d16840